| 000 | 00710nam a2200229Ia 4500 | ||
|---|---|---|---|
| 003 | BUBTL | ||
| 008 | 151213s9999 xx 000 0 und d | ||
| 020 | _a9788131724682 | ||
| 082 | _a621.3/ K15o/ 2009 | ||
| 100 |
_aKasap, S.O. _94283 |
||
| 245 |
_aOptoelectronics and Photonics : Principles and Practices / _cS.O.Kasap |
||
| 250 | _a1st Edn. | ||
| 260 |
_aNew Delhi _bPearson Prentic Hall _cc2009 |
||
| 300 |
_axii, 340 p.: _bill.; _c24 cm. |
||
| 500 | _aIncludes Index | ||
| 505 | _aOptoelectronics and Photonics, Optoelectronics, Photonics, S.O.Kasap | ||
| 650 | 0 |
_aElectrical and Electronic Engineering _94295 |
|
| 650 | _ascience | ||
| 856 |
_k0 _l0 _yDownload |
||
| 942 |
_2ddc _cBK |
||
| 999 |
_c4126 _d4126 |
||